书目信息 |
| 题名: |
2005年全国建造师执业资格考试复习题解
|
|
| 作者: | 胡雄飞 , 吴海华 主编 | |
| 分册: | 房屋建筑工程专业 | |
| 出版信息: | 北京 科学出版社 2005.02 |
|
| 页数: | 221页 | |
| 开本: | 26cm | |
| 丛书名: | ||
| 单 册: | ||
| 中图分类: | TU-44 , TU22-44 | |
| 科图分类: | ||
| 主题词: | 建筑工程--jian zhu gong cheng--施工管理--建筑师--资格考核--解题 | |
| 电子资源: | ||
| ISBN: | 7-03-014890-8 | |
| 000 | 01124nam0 2200277 450 | |
| 001 | 012006495765 | |
| 005 | 20060304162522.85 | |
| 010 | @a7-03-014890-8@dCNY30.00 | |
| 100 | @a20060303d2005 km y0chiy0121 ea | |
| 101 | 0 | @achi |
| 102 | @aCN@b110000 | |
| 105 | @aa z 000yy | |
| 200 | 1 | @a2005年全国建造师执业资格考试复习题解@A2005 nian quan guo jian zao shi zhi ye zi ge kao shi fu xi ti jie@i房屋建筑工程专业@f本书编委会编@Fben shu bian wei hui bian |
| 210 | @a北京@c科学出版社@d2005.02 | |
| 215 | @a221页@c图@d26cm | |
| 300 | @a供一、二级使用 | |
| 304 | @a主编取自书中。 | |
| 330 | @a本书按照2005年全国一、二级建造师执业资格(房屋建筑工程专业)考试大纲规定的内容及教材内容编写。以考试大纲要求的了解、熟悉、掌握三个不同层次有所侧重地进行选题,对相应的习题做了详细的解释。 | |
| 517 | 1 | @a房屋建筑工程专业@Afang wu jian zhu gong cheng zhuan ye |
| 606 | 0 | @a建筑工程@Ajian zhu gong cheng@x施工管理@x建筑师@x资格考核@j解题 |
| 690 | @aTU-44@v4 | |
| 690 | @aTU22-44@v4 | |
| 701 | 0 | @a胡雄飞@Ahu xiong fei@4主编 |
| 701 | 0 | @a吴海华@Awu hai hua@4主编 |
| 801 | 0 | @aCN@bQSSK@c20060304 |
| 905 | @a10447@dTU-44@eH511 | |
| 2005年全国建造师执业资格考试复习题解.房屋建筑工程专业/本书编委会编.-北京:科学出版社,2005.02 |
| 221页:图;26cm |
| 供一、二级使用 |
| ISBN 7-03-014890-8:CNY30.00 |
| 本书按照2005年全国一、二级建造师执业资格(房屋建筑工程专业)考试大纲规定的内容及教材内容编写。以考试大纲要求的了解、熟悉、掌握三个不同层次有所侧重地进行选题,对相应的习题做了详细的解释。 |
| ● |
| 相关链接 |
|
|
|
正题名:2005年全国建造师执业资格考试复习题解
索取号:TU-44/H511
 
预约/预借
| 序号 | 登录号 | 条形码 | 馆藏地/架位号 | 状态 | 备注 |
| 1 | 554057 | 205540574 | 建筑库101/101建筑库 11排4列4层/ [索取号:TU-44/H511] | 在馆 | |
| 2 | 554058 | 205540583 | 建筑库101/101建筑库 11排4列4层/ [索取号:TU-44/H511] | 在馆 |